000 00716nam a2200241Ia 4500
003 OSt
005 20220923224932.0
006 a|||||r|||| 00| 0
007 ta
008 Pun
024 _a253,893
037 _cTextual
040 _aARTS
_cARTS
_bPun
041 _2Pun
_aPun
082 _aO153,1:g, P2
100 _aਸਿੰਘ, ਹਰਿਭਜਨ
_9156291
245 0 _aਪਤਰਾਂਜਲੀ
260 _aਅੰਮ੍ਰਿਤਸਰ
_b ਗੁਰੂ ਨਾਨਕ ਦੇਵ ਯੂਨੀਵਰਸਿਟੀ
_c2002
300 _a153ਪੰ
_ccm.
650 _aਪੰਜਾਬੀ ਸਾਹਿਤ
942 _hO153,1:g, P2
_cTEXL
_2CC
999 _c374795
_d374795